| 000 | 00358pab a2200145 454500 | ||
|---|---|---|---|
| 008 | 180718b1988 xxu||||| |||| 00| 0 eng d | ||
| 100 | _aJoshi, G.P. | ||
| 245 | _aBank frauds in India - a study | ||
| 260 | _c1988 | ||
| 300 | _a1-20 | ||
| 650 | _aBanks - India | ||
| 700 | _aN.P. Gupta | ||
| 773 | _aPolice Research and Development Quarter 1 | ||
| 909 | _a4312 | ||
| 999 |
_c4312 _d4312 |
||